Stazioni della metropolitana di Torino - Statistics

Statistiche generali
  • Questo quiz è stato fatto 257 volte
  • Il punteggio medio è 18 su 23
Statistiche sulle risposte
Metro Torino % Corretto
Porta Nuova
99%
Porta Susa
98%
Lingotto
96%
Bengasi
90%
Fermi
87%
Italia 61
85%
Nizza
85%
Vinzaglio
82%
XVIII Dicembre
81%
Re Umberto
79%
Marconi
78%
Dante
76%
Carducci-Molinette
73%
Principi d'Acaja
72%
Rivoli
71%
Paradiso
70%
Bernini
69%
Marche
68%
Spezia
68%
Pozzo Strada
66%
Monte Grappa
65%
Massaua
63%
Racconigi
63%
Nessun quiz corrispondente trovato
Distribuzione punteggi
Percentuale di utenti per punteggio
Percentile per numero di risposta
I tuoi punteggi nel tempo
Non hai fatto questo quiz